| 000 | 00463nam a2200181Ia 4500 | ||
|---|---|---|---|
| 008 | 240925s9999 xx 000 0 und d | ||
| 020 | _a9780198747581 | ||
| 082 | _a658.403072 BRY | ||
| 100 | _aBryman, Alan | ||
| 245 | 0 | _aBusiness Research Methods | |
| 250 | _a4th | ||
| 260 |
_aNew Delhi: _bNew Oxford University Press _c,2015. |
||
| 300 |
_a170p. _b0 _fOriginal |
||
| 500 | _aIncludes Index | ||
| 600 | _aManagement | ||
| 650 | _aManagement | ||
| 942 | _cBK | ||
| 999 |
_c17061 _d17061 |
||